Electronics instrumentation and measurements (Record no. 58050)

MARC details
000 -LEADER
fixed length control field 00249nam a22001097a 4500
082 ## - DEWEY DECIMAL CLASSIFICATION NUMBER
Classification number 621.37BER
100 ## - MAIN ENTRY--AUTHOR NAME
Personal name Berok R
245 ## - TITLE STATEMENT
Title Electronics instrumentation and measurements
260 ## - PUBLICATION, DISTRIBUTION, ETC. (IMPRINT)
Place of publication Jalandhar
Name of publisher Ishan Pub
Year of publication 2012
300 ## - PHYSICAL DESCRIPTION
Number of Pages 400
942 ## - ADDED ENTRY ELEMENTS (KOHA)
Koha item type Books
Holdings
Withdrawn status Lost status Home library Current library Date acquired Cost, normal purchase price Full call number Accession Number Koha item type
    Central Library, QUEST, Nawabshah Central Library, QUEST, Nawabshah 27/10/2017 483.00 621.37BER 56864 Books